• 首页
  • 本馆介绍
  • 公告通知
  • 最新文献
  • 馆藏检索
  • 电子资源
  • 读者导购
  • 参考咨询
  • 我的图书馆
  • 登录
  • 详细信息显示
  • 放入我的书架
  • 预约/预借图书
  • 作者相关作品
  • 分类相关作品
  • 丛书相关作品
  • 出版社相关作品

书目信息

  • 表格格式
  • 工作单格式
  • 卡片格式
题名:
世界名犬鉴赏与驯养
    
 
作者: 张春红, 主编
分册:  
出版信息: 哈尔滨   黑龙江科学技术出版社  2017
页数: 215页
开本: 24cm
丛书名:
单 册:
中图分类: S829.2
科图分类:
主题词: 犬--quan--鉴赏 , 犬--quan--驯养
电子资源:
ISBN: 978-7-5388-9193-5
000 00870nam0 2200253 45
001 012001000802
005 20140106173322.0
010    @a978-7-5388-9193-5@dCNY39.80
099    @aCAL 012018130013
100    @a20180823d2017 em y0chiy50 ea
101 0  @achi
102    @aCN@b230000
105    @aaf z 000yy
106    @ar
200 1  @a世界名犬鉴赏与驯养@Ashi jie ming quan jian shang yu xun yang@f张春红主编
210    @a哈尔滨@c黑龙江科学技术出版社@d2017
215    @a215页@c彩图@d24cm
330    @a本书共分六个部分,分别为狗狗的种类;养狗狗必知!了解你的狗狗;狗狗喂养大小事;狗狗特训开始喽;狗狗生病怎么办;如何让狗狗干净又漂亮&狗狗秘密都知道。
606 0  @a犬@Aquan@x鉴赏
606 0  @a犬@Aquan@x驯养
690    @aS829.2@v5
701  0 @a张春红,@Azhang chun hong@f1971-@4主编
801  0 @aCN@b北京卓展文化@c20191020
905    @b1201025-8@dS829.2@e196@f4
    
    世界名犬鉴赏与驯养/张春红主编.-哈尔滨:黑龙江科学技术出版社,2017
    215页:彩图;24cm
    
    
    ISBN 978-7-5388-9193-5:CNY39.80
    本书共分六个部分,分别为狗狗的种类;养狗狗必知!了解你的狗狗;狗狗喂养大小事;狗狗特训开始喽;狗狗生病怎么办;如何让狗狗干净又漂亮&狗狗秘密都知道。
●
相关链接 在E读中查询图书 在五车中查询图书 在当当中查询图书 在豆瓣中查询图书


正题名:世界名犬鉴赏与驯养     索取号:S829.2/196         预约/预借

序号 登录号 条形码 馆藏地/架位号 状态 备注
1 1201025   212010250   第二样本阅览室/ [索取号:S829.2/196] 在馆    
2 1201026   212010269   第三借阅区/ [索取号:S829.2/196] 在馆    
3 1201027   212010278   第三借阅区/ [索取号:S829.2/196] 在馆    
4 1201028   212010287   第三借阅区/ [索取号:S829.2/196] 在馆    
唐山师范学院图书馆 欢迎您!
大连网信软件有限公司© 版权所有